| 000 | 00000cas 2200000zi 4500 |
| 001 | 9.933266 |
| 003 | CaOODSP |
| 005 | 20260327144008 |
| 006 | m o d f |
| 007 | cr cn |||||||| |
| 008 | 240201c20179999oncar p o f0###b0fre|d |
| 022 | |a2818-0585 |
| 040 | |aCaOODSP|bfre|erda|cCaOODSP |
| 043 | |an-cn-on |
| 086 | 1 |aIu93-11F-PDF |
| 110 | 2 |aAgence fédérale de développement économique pour le sud de l'Ontario (Canada)|eauteur, |eorganisme de publication. |
| 222 | 0|aÉtat des résultats prospectif pour l’exercice se terminant le ... |b(Agence fédérale de développement économique pour le sud de l'Ontario (Canada) |
| 245 | 10|aÉtat des résultats prospectif pour l'exercice se terminant le ... / |cAgence fédérale de développement économique pour le sud de l'Ontario. |
| 264 | 1|a[Waterloo, Ontario] : |bAgence fédérale de développement économique pour le sud de l'Ontario, |c[2017]- |
| 310 | |aAnnuel |
| 336 | |atexte|btxt|2rdacontent/fre |
| 337 | |ainformatique|bc|2rdamedia/fre |
| 338 | |aressource en ligne|bcr|2rdacarrier/fre |
| 362 | 1 |aParaît depuis : 31 mars 2017. |
| 500 | |aPublié aussi en anglais sous le titre : Future-oriented statement of operations for the year ending ... |
| 500 | |aLes livraisons de 31 mars 2017-31 mars 2024 sont disponibles en format HTML seulement. |
| 588 | |aDescription d'après : 31 mars 2017; titre de l'en-tête de la version HTML. |
| 588 | |aDernière livraison consultée : 31 mars 2025. |
| 610 | 26|aAgence fédérale de développement économique pour le sud de l'Ontario (Canada)|vPériodiques. |
| 650 | 6|aFinances publiques|zCanada|xPrévision|vPériodiques. |
| 655 | 7|aPériodiques|2rvmgf |
| 775 | 08|tFuture-oriented statement of operations for the year ending ... / |w(CaOODSP)9.933264 |
| 856 | 40|qHTML|ss.o.|uhttps://feddev-ontario.canada.ca/fr/transparence/rapports-financiers |